[Event "World Blitz 2025"]
[Site "Doha QAT"]
[Date "2025.12.30"]
[Round "14.90"]
[White "Droin, Augustin"]
[Black "Le, Tuan Minh"]
[Result "1/2-1/2"]
[WhiteTitle "IM"]
[BlackTitle "GM"]
[WhiteElo "2480"]
[BlackElo "2598"]
[WhiteFideId "45105987"]
[BlackFideId "12401153"]
[EventDate "2025.12.29"]

1. e4 e5 2. Nf3 Nc6 3. d4 exd4 4. Nxd4 Bc5 5. Be3 Qf6 6. c3 Qg6 7. Nd2 Nf6 8.
Qf3 Ng4 9. N2b3 Nxe3 10. Qxe3 Bb6 11. f4 O-O 12. O-O-O a5 13. Bd3 a4 14. e5 Qh6
15. Nd2 d5 16. Kb1 Re8 17. Rde1 f6 18. Qf3 fxe5 19. Qxd5+ Kh8 20. N2f3 Qxf4 21.
Nxc6 bxc6 22. Qxc6 Bf5 23. Bxf5 Qxf5+ 24. Qe4 Qf6 25. Rd1 a3 26. b3 Rad8 27.
Rhe1 h6 28. h3 Bf2 29. Rf1 Bg3 30. Kc2 c5 31. c4 Qe6 32. Rd5 Rxd5 33. cxd5 Qa6
34. Qc4 Qg6+ 35. Kd1 Qb1+ 36. Ke2 Qxa2+ 37. Nd2 Bf4 38. Rd1 Qb2 39. d6 a2 40. d7
Rd8 41. Qe6 Bxd2 42. Qe8+ Kh7 43. Rxd2 Qxd2+ 44. Kxd2 Rxd7+ 45. Qxd7 a1=Q 46.
Qf5+ Kg8 47. Qe6+ Kf8 48. Qc8+ Kf7 49. Qd7+ Kf6 50. Qd6+ Kf5 51. Qd7+ Kf6 52.
Qd6+ Kf5 53. Qd7+ Kg6 54. Qe6+ Kh7 55. Qf5+ Kg8 56. Qe6+ Kf8 57. Qd6+ Ke8 58.
Qe6+ Kf8 59. Qd6+ Kf7 60. Qd7+ Kf6 61. Qd6+ Kf5 62. Qd7+ Kf6 63. Qd6+ 1/2-1/2

[Event "World Blitz 2025"]
[Site "Doha QAT"]
[Date "2025.12.30"]
[Round "14.91"]
[White "Chigaev, Maksim"]
[Black "Piliposyan, Robert"]
[Result "0-1"]
[WhiteTitle "GM"]
[BlackTitle "IM"]
[WhiteElo "2626"]
[BlackElo "2442"]
[WhiteFideId "4108116"]
[BlackFideId "13309978"]
[EventDate "2025.12.29"]

1. c4 e6 2. g3 d5 3. Bg2 Nf6 4. Nf3 dxc4 5. O-O c6 6. a4 Nbd7 7. Qc2 Bd6 8. Na3
e5 9. Nxc4 Bc7 10. d4 exd4 11. Nxd4 O-O 12. Rd1 Qe7 13. b3 Rd8 14. Ba3 Qe8 15.
Nf5 Ne5 16. Rxd8 Qxd8 17. Rd1 Qe8 18. Nfd6 Qe6 19. Nxe5 Qxe5 20. Bb2 Qe7 21.
Nxc8 Rxc8 22. h3 h6 23. e3 Rd8 24. Rd3 Rxd3 25. Qxd3 Be5 26. Bxe5 Qxe5 27. Qd8+
Kh7 28. Qa8 Qa1+ 29. Kh2 Qb2 30. Qxb7 Qxf2 31. Qxc6 Qxe3 32. Qc4 Qe7 33. b4 h5
34. a5 g5 35. b5 h4 36. gxh4 Qe5+ 37. Kh1 gxh4 38. Qxh4+ Kg7 39. Qb4 Qa1+ 40.
Kh2 Qe5+ 41. Kg1 Qe3+ 42. Kf1 Qd3+ 43. Kf2 Qf5+ 44. Ke2 Qc2+ 45. Qd2 Qc4+ 46.
Kf2 Qxb5 47. Kg1 Qc5+ 48. Kh1 Nh5 49. Qe1 Qg5 50. Bf3 Nf4 51. Bg4 Qd5+ 0-1

[Event "World Blitz 2025"]
[Site "Doha QAT"]
[Date "2025.12.30"]
[Round "14.92"]
[White "Chasin, Nico"]
[Black "Motylev, Alexander"]
[Result "1-0"]
[WhiteTitle "IM"]
[BlackTitle "GM"]
[WhiteElo "2517"]
[BlackElo "2573"]
[WhiteFideId "30908477"]
[BlackFideId "4121830"]
[EventDate "2025.12.29"]

1. d4 Nf6 2. c4 e6 3. Nc3 Bb4 4. e3 O-O 5. Bd3 d5 6. Ne2 c5 7. O-O cxd4 8. exd4
dxc4 9. Bxc4 Nc6 10. Bg5 h6 11. Bh4 Be7 12. Rc1 b6 13. Qa4 Na5 14. Bd3 Bb7 15.
Bg3 Rc8 16. Rfd1 Nh5 17. Be5 a6 18. d5 exd5 19. Qg4 Nf6 20. Qf5 g6 21. Qh3 h5
22. Nf4 Ng4 23. Bd4 Bf6 24. Nxh5 Bxd4 25. Qxg4 Bg7 26. Nxg7 Kxg7 27. Ne2 Qf6 28.
Nf4 Kg8 29. b3 Rfd8 30. Rxc8 Bxc8 31. Qg3 Nc6 32. h4 Ne5 33. Bb1 Bg4 34. Rxd5
Rc8 35. Kh2 Bd7 36. f3 Rc1 37. Be4 Bc6 38. Nh5 Qe7 39. Rxe5 Qd8 40. Bxc6 Rxc6
41. Nf4 Qd6 42. Rg5 Rc1 43. Nxg6 Qxg3+ 44. Rxg3 fxg6 45. Rxg6+ 1-0

[Event "World Blitz 2025"]
[Site "Doha QAT"]
[Date "2025.12.30"]
[Round "14.93"]
[White "Bjerre, Jonas Buhl"]
[Black "Raja, Harshit"]
[Result "1-0"]
[WhiteTitle "GM"]
[BlackTitle "GM"]
[WhiteElo "2623"]
[BlackElo "2472"]
[WhiteFideId "1444948"]
[BlackFideId "5089000"]
[EventDate "2025.12.29"]

1. e4 c5 2. Nf3 d6 3. d4 cxd4 4. Qxd4 Nc6 5. Qe3 Nf6 6. Nc3 g6 7. Bc4 Bg7 8. h3
O-O 9. O-O b6 10. Rd1 Bb7 11. Qf4 Rc8 12. Qh4 Nd7 13. Nd5 e6 14. Bg5 f6 15.
Nxf6+ Nxf6 16. Bxe6+ Kh8 17. e5 Nxe5 18. Nxe5 Qe8 19. Bxc8 Bxc8 20. Nf3 Bb7 21.
Re1 Qf7 22. Nd4 Ne4 23. Be3 Qd5 24. f3 Nf6 25. Rad1 Nh5 26. Qf2 Qxa2 27. b3 Bc8
28. c4 Qa3 29. Ra1 Qb4 30. Rxa7 Be5 31. Rd1 Re8 32. Qd2 Qxd2 33. Rxd2 Bg3 34.
Bf2 Bf4 35. Re2 Be5 36. Nc6 Bh2+ 37. Kf1 Rf8 38. Ree7 Nf6 39. Bd4 Kg8 40. Rg7+ 1-0

[Event "World Blitz 2025"]
[Site "Doha QAT"]
[Date "2025.12.30"]
[Round "14.94"]
[White "Jumabayev, Rinat"]
[Black "Kuandykuly, Danis"]
[Result "1-0"]
[WhiteTitle "GM"]
[BlackTitle "FM"]
[WhiteElo "2560"]
[BlackElo "2372"]
[WhiteFideId "13702661"]
[BlackFideId "13752260"]
[EventDate "2025.12.29"]

1. c4 Nf6 2. Nc3 e6 3. Nf3 d5 4. e3 Be7 5. b3 b6 6. Bb2 Bb7 7. Rc1 O-O 8. cxd5
exd5 9. Nb5 c5 10. d4 Nc6 11. Be2 a6 12. Nc3 cxd4 13. exd4 Ne4 14. O-O Bf6 15.
Na4 Rc8 16. Bd3 Nb4 17. Bb1 b5 18. Nc3 Re8 19. Ne5 Bxe5 20. dxe5 Qg5 21. f4 Qg6
22. Ne2 Rxc1 23. Qxc1 Rc8 24. Qd1 Qb6+ 25. Bd4 Qc7 26. f5 Nc6 27. e6 fxe6 28.
fxe6 Nxd4 29. Qxd4 Qc5 30. Qxc5 Nxc5 31. Nd4 Re8 32. Bf5 Bc8 33. Rc1 Ne4 34. Rc7
g6 35. Bxe4 dxe4 36. Rc6 1-0

[Event "World Blitz 2025"]
[Site "Doha QAT"]
[Date "2025.12.30"]
[Round "14.95"]
[White "Samadov, Read"]
[Black "Rodrigue-Lemieux, Shawn"]
[Result "1-0"]
[WhiteTitle "IM"]
[BlackTitle "GM"]
[WhiteElo "2510"]
[BlackElo "2517"]
[WhiteFideId "13417444"]
[BlackFideId "2620049"]
[EventDate "2025.12.29"]

1. d4 Nf6 2. c4 g6 3. Nc3 d5 4. Bg5 Ne4 5. cxd5 Nxc3 6. bxc3 Qxd5 7. Nf3 Bg7 8.
e3 h6 9. Bh4 c5 10. Be2 cxd4 11. cxd4 Nc6 12. O-O O-O 13. Rc1 e6 14. Qd2 g5 15.
Bg3 Rd8 16. Rfd1 Qd7 17. Bb5 Qe7 18. Bxc6 bxc6 19. Qa5 Bd7 20. h4 f6 21. Rb1 Be8
22. hxg5 hxg5 23. Rb3 Rd5 24. Qa6 Rad8 25. Rb7 R8d7 26. Rdb1 Bg6 27. R1b3 Kh7
28. Qxa7 e5 29. dxe5 fxe5 30. Rxd7 Rxd7 31. Qa5 Rd5 32. Qe1 e4 33. Nd4 c5 34.
Ne2 Qd7 35. Rb1 Bh5 36. Nc3 Bxc3 37. Qxc3 Rd1+ 38. Rxd1 Qxd1+ 39. Kh2 Bf7 40. f3
exf3 41. Qf6 Bg6 42. Be5 Kh6 43. Qh8+ Bh7 44. Qg7+ Kh5 45. Qxh7+ Kg4 46. Qh3# 1-0

[Event "World Blitz 2025"]
[Site "Doha QAT"]
[Date "2025.12.30"]
[Round "14.96"]
[White "Volokitin, Andrei"]
[Black "Siddharth, Jagadeesh"]
[Result "0-1"]
[WhiteTitle "GM"]
[BlackTitle "GM"]
[WhiteElo "2619"]
[BlackElo "2489"]
[WhiteFideId "14107090"]
[BlackFideId "5818320"]
[EventDate "2025.12.29"]

1. e4 d6 2. d4 Nf6 3. Nc3 e5 4. Nf3 Nbd7 5. Bc4 Be7 6. O-O O-O 7. a4 c6 8. Re1
h6 9. h3 Re8 10. a5 Qc7 11. Be3 exd4 12. Bxd4 Ne5 13. Bf1 Bd7 14. Nd2 b5 15.
axb6 axb6 16. Rxa8 Rxa8 17. f4 Ng6 18. Qf3 Re8 19. Qf2 b5 20. e5 dxe5 21. fxe5
Nh7 22. Bd3 Ng5 23. Rf1 Bxh3 24. Nce4 Be6 25. Nxg5 Bxg5 26. Ne4 Be7 27. Qg3 c5
28. Nf6+ Bxf6 29. Rxf6 gxf6 30. Bxg6 cxd4 31. Be4+ 0-1

[Event "World Blitz 2025"]
[Site "Doha QAT"]
[Date "2025.12.30"]
[Round "14.69"]
[White "Sankalp, Gupta"]
[Black "Can, Emre"]
[Result "1-0"]
[WhiteTitle "GM"]
[BlackTitle "GM"]
[WhiteElo "2557"]
[BlackElo "2541"]
[WhiteFideId "5097010"]
[BlackFideId "6302181"]
[EventDate "2025.12.29"]

1. e4 c5 2. Nf3 Nc6 3. d4 cxd4 4. Nxd4 g6 5. c4 Nf6 6. Nc3 Nxd4 7. Qxd4 d6 8. f3
Bg7 9. Be3 O-O 10. Qd2 Be6 11. Rc1 Qa5 12. b3 a6 13. Nd5 Qxd2+ 14. Kxd2 Bxd5 15.
cxd5 Rfc8 16. Be2 Nd7 17. b4 h5 18. a4 Kf8 19. f4 e6 20. dxe6 fxe6 21. a5 Ke7
22. Kd3 Bb2 23. Rxc8 Rxc8 24. Rb1 Bf6 25. Rc1 Rxc1 26. Bxc1 Nb8 27. g4 hxg4 28.
Bxg4 Nc6 29. Bd2 Bb2 30. Kc4 Bf6 31. b5 axb5+ 32. Kxb5 Kd7 33. Be3 Bd8 34. Bb6
Bh4 35. f5 exf5 36. exf5 Ne5 37. Bh3 g5 38. Bg2 Nc6 39. Bxc6+ bxc6+ 40. Ka6 Kc8
41. f6 g4 42. f7 Be7 43. Bd4 Bf8 44. Kb6 c5 45. Be3 Kb8 46. a6 c4 47. Bd4 Ka8 1-0

[Event "World Blitz 2025"]
[Site "Doha QAT"]
[Date "2025.12.30"]
[Round "14.70"]
[White "Raja, Rithvik R"]
[Black "Grebnev, Aleksey"]
[Result "0-1"]
[WhiteTitle "GM"]
[BlackTitle "GM"]
[WhiteElo "2541"]
[BlackElo "2632"]
[WhiteFideId "35007394"]
[BlackFideId "34189030"]
[EventDate "2025.12.29"]

1. c4 Nf6 2. Nc3 g6 3. g3 Bg7 4. Bg2 O-O 5. d4 d6 6. Nf3 Nc6 7. O-O Bf5 8. d5
Na5 9. Nd2 c6 10. b4 Nxc4 11. Nxc4 Nxd5 12. Nxd5 Bxa1 13. Bh6 Bg7 14. Bxg7 Kxg7
15. Nc3 Be6 16. Qd4+ f6 17. Na5 Qc7 18. Rc1 Bf7 19. Qe3 e5 20. h4 h5 21. Qd3
Rad8 22. Qe3 Ra8 23. Qd3 Rfd8 24. Ne4 Bxa2 25. Qd2 Bf7 26. b5 c5 27. Qc3 a6 28.
Qf3 f5 29. Ng5 d5 30. b6 Qxb6 31. Qe3 e4 32. Rxc5 Rac8 33. Qd4+ Qf6 34. Qxf6+
Kxf6 35. Nxb7 Rxc5 36. Nxc5 a5 37. e3 Rc8 38. Nd7+ Ke7 39. Nb6 Rc1+ 40. Bf1 Bg8
41. Kg2 Kd6 42. Na4 d4 43. exd4 Bd5 44. Bb5 Rb1 45. Be8 Rb4 46. Kf1 Bc4+ 47. Ke1
Bb5 48. Bxb5 Rxb5 49. Nc3 Rb2 50. Nf7+ Ke7 51. Ne5 Rxf2 52. Nxg6+ Kf6 53. Nf4
Rf3 54. Nxh5+ Kf7 55. Na4 Ra3 56. Nc5 a4 57. Nf4 Ra1+ 58. Kd2 a3 59. Kc2 Rg1 60.
Kb3 Rxg3+ 61. Ka2 Rf3 62. Nfe6 Kf6 63. Ng5 Rg3 64. Nd7+ Ke7 65. Ne5 e3 66. Ngf3
e2 67. h5 Rh3 68. h6 Kd6 69. h7 Rxh7 70. Kxa3 Kd5 71. Kb3 Rh1 72. Nd3 Ke4 73.
Nde1 Rh3 74. Kc2 Rxf3 0-1

[Event "World Blitz 2025"]
[Site "Doha QAT"]
[Date "2025.12.30"]
[Round "14.71"]
[White "Galaviz Medina, Sion Radamantys"]
[Black "Suyarov, Mukhammadzokhid"]
[Result "0-1"]
[WhiteTitle "IM"]
[BlackTitle "IM"]
[WhiteElo "2514"]
[BlackElo "2454"]
[WhiteFideId "5123119"]
[BlackFideId "14210495"]
[EventDate "2025.12.29"]

1. d4 e6 2. c4 d5 3. cxd5 exd5 4. Nc3 Nf6 5. Bg5 c6 6. e3 Be7 7. Bd3 h6 8. Bh4
Nbd7 9. Nge2 Nf8 10. Qc2 Ne6 11. O-O O-O 12. a4 b6 13. Rfd1 Bb7 14. Bf5 a5 15.
Bg3 Nc7 16. Nf4 Na6 17. Nd3 Nb4 18. Qd2 g6 19. Bh3 Ba6 20. Ne5 Kg7 21. Rac1 Nh5
22. Ne2 Nxg3 23. Nxg3 Qd6 24. e4 Rad8 25. exd5 Qxd5 26. Bg4 c5 27. Bf3 Qxd4 28.
Qe1 Qh4 29. Nd7 Rfe8 30. Qe5+ Bf6 31. Qc7 Bxb2 32. Rb1 Bd4 33. Nxb6 Nd3 34. Bd5
Qf6 35. Ne4 Rxe4 36. Bxe4 Qxf2+ 0-1

[Event "World Blitz 2025"]
[Site "Doha QAT"]
[Date "2025.12.30"]
[Round "14.72"]
[White "Suleymenov, Alisher"]
[Black "Tin, Jingyao"]
[Result "1-0"]
[WhiteTitle "GM"]
[BlackTitle "GM"]
[WhiteElo "2505"]
[BlackElo "2584"]
[WhiteFideId "13707833"]
[BlackFideId "5804418"]
[EventDate "2025.12.29"]

1. d4 d5 2. c4 c6 3. Nf3 Nf6 4. Qc2 dxc4 5. e4 b5 6. b3 cxb3 7. axb3 e6 8. Bd3
Bb7 9. O-O a5 10. Nc3 Na6 11. Qe2 Nb4 12. Bb1 Be7 13. e5 Nd7 14. Rd1 O-O 15. Qe4
g6 16. Bh6 Re8 17. h4 Bf8 18. Qf4 c5 19. dxc5 Bxh6 20. Qxh6 Bxf3 21. gxf3 f5 22.
exf6 Qxf6 23. Rxd7 Re7 24. Ne4 Qf8 25. Qxf8+ Kxf8 26. Rxe7 Kxe7 27. Kf1 a4 28.
Ra3 Rd8 29. Ke2 Nd5 30. bxa4 Nf4+ 31. Ke3 Ng2+ 32. Ke2 Nf4+ 33. Ke1 Ng2+ 34. Kf1
Nf4 35. Bc2 b4 36. Rb3 Rd4 37. a5 Rc4 38. Bd1 Kd7 39. a6 Kc7 40. Ke1 Rd4 41. Rb1
Kb8 42. Be2 e5 43. Bb5 Ka7 44. c6 Kb6 45. Rc1 Kxb5 46. c7 Nd3+ 47. Kf1 Nxc1 48.
c8=Q Rd1+ 49. Kg2 Nd3 50. Nd6+ Ka5 51. Qc7+ Ka4 52. Qc2+ 1-0

[Event "World Blitz 2025"]
[Site "Doha QAT"]
[Date "2025.12.30"]
[Round "14.73"]
[White "Gharibyan, Mamikon"]
[Black "Sapenov, Daniyal"]
[Result "1-0"]
[WhiteTitle "GM"]
[BlackTitle "IM"]
[WhiteElo "2491"]
[BlackElo "2440"]
[WhiteFideId "13308300"]
[BlackFideId "13728911"]
[EventDate "2025.12.29"]

1. e4 e5 2. Nf3 Nc6 3. Bb5 a6 4. Ba4 Nf6 5. O-O Be7 6. d3 b5 7. Bb3 d6 8. c3 O-O
9. h3 Nb8 10. Nbd2 Nbd7 11. d4 Bb7 12. Re1 c5 13. Bc2 cxd4 14. cxd4 Rc8 15. a4
Re8 16. axb5 axb5 17. d5 Ra8 18. Rxa8 Qxa8 19. b4 Nb6 20. Bd3 Qa4 21. Qxa4 bxa4
22. Bb2 Ra8 23. Ra1 Bc8 24. Ne1 Bd7 25. Nc2 Kf8 26. b5 Be8 27. Nb4 Nfd7 28. Nc6
Nc5 29. Bc2 Bg5 30. Nf3 Bh6 31. Ba3 f6 32. Ne1 Bd2 33. Kf1 Nc4 34. Bxc5 dxc5 35.
Rxa4 Rxa4 36. Bxa4 Nb6 37. Bc2 c4 38. Ke2 Bc3 39. Nf3 f5 40. exf5 Nxd5 41. Nfxe5
Nb6 42. g4 h5 43. Be4 hxg4 44. hxg4 Bb2 45. Kd2 Ba1 46. Kc2 Kg8 47. f4 Kf8 48.
g5 Bh5 49. f6 gxf6 50. gxf6 Na4 51. Bd5 Nb6 52. Be4 Na4 53. Bd5 Nb6 54. Be6 Ke8
55. Nxc4 Nxc4 56. Bxc4 Bxf6 57. b6 Bd8 58. b7 Bc7 59. b8=Q+ Bxb8 60. Nxb8 Ke7
61. Kd3 Kd6 62. Ke4 Bg6+ 63. Kd4 Bh7 64. Na6 Ke7 65. Ke5 Bc2 66. Nc5 Bg6 67. Bd5
Bh7 68. Be4 Bg8 69. f5 Ba2 70. f6+ Kf7 71. Bf5 Ke8 72. Be6 1-0

[Event "World Blitz 2025"]
[Site "Doha QAT"]
[Date "2025.12.30"]
[Round "14.74"]
[White "Gaehwiler, Gabriel"]
[Black "Donchenko, Alexander"]
[Result "1-0"]
[WhiteTitle "IM"]
[BlackTitle "GM"]
[WhiteElo "2382"]
[BlackElo "2661"]
[WhiteFideId "1314530"]
[BlackFideId "24603295"]
[EventDate "2025.12.29"]

1. d4 e6 2. Nf3 c5 3. c4 cxd4 4. Nxd4 Nf6 5. Nc3 Bb4 6. g3 Ne4 7. Qd3 Bxc3+ 8.
bxc3 Nc5 9. Qe3 d6 10. Ba3 a6 11. Nf5 O-O 12. Nxd6 b6 13. Bg2 Ra7 14. Nxc8 Qxc8
15. O-O Rd8 16. Rab1 Nbd7 17. Bxc5 bxc5 18. Rfd1 h6 19. Rd6 a5 20. Rbd1 Rf8 21.
Bc6 Nf6 22. Bb5 Rc7 23. Qe5 Qb7 24. f3 Qa7 25. Rd8 Rc8 26. Rxf8+ Rxf8 27. Qd6
Rc8 28. Kg2 a4 29. Qa6 Qxa6 30. Bxa6 Rb8 31. Bb5 a3 32. Rd6 Nd5 33. cxd5 Rxb5
34. dxe6 fxe6 35. Rxe6 Rb2 36. Kf2 Rc2 37. Re3 Kf7 38. c4 Rxa2 39. Re5 Rb2 40.
Rxc5 Ke6 41. Ra5 a2 42. Ke3 Kd6 43. h4 h5 44. Kd3 g6 45. e4 Rg2 46. Kd4 Kc6 47.
e5 Kb6 48. Ra8 Kb7 49. Ra3 Kc6 50. Ke4 Kc5 51. e6 Kxc4 52. e7 Re2+ 53. Kf4 Rxe7
54. Rxa2 Rf7+ 55. Kg5 Rxf3 56. Rg2 Rf5+ 57. Kxg6 Re5 58. Kf6 Re3 59. g4 hxg4 60.
Rxg4+ Kd5 61. h5 Rf3+ 62. Kg7 Ke6 63. h6 Ke7 64. Re4+ Kd8 65. Re6 Kd7 66. Rf6
Rg3+ 67. Rg6 Re3 68. h7 Re7+ 69. Kh6 1-0

[Event "World Blitz 2025"]
[Site "Doha QAT"]
[Date "2025.12.30"]
[Round "14.75"]
[White "Gan-Erdene, Sugar"]
[Black "Petrov, Nikita"]
[Result "1/2-1/2"]
[WhiteTitle "IM"]
[BlackTitle "GM"]
[WhiteElo "2444"]
[BlackElo "2578"]
[WhiteFideId "4902980"]
[BlackFideId "4101286"]
[EventDate "2025.12.29"]

1. e4 c6 2. d4 d5 3. Nc3 a6 4. Nf3 Bg4 5. Be2 e6 6. O-O Nf6 7. h3 Bh5 8. Ne5
Bxe2 9. Qxe2 Be7 10. Bf4 O-O 11. Rad1 Nbd7 12. Bg3 Nxe5 13. dxe5 Nd7 14. Kh2 Bh4
15. Bxh4 Qxh4 16. f4 Nc5 17. Qe3 b6 18. b4 Nd7 19. f5 Nxe5 20. Qxb6 Nc4 21. Qc5
Qf6 22. Qd4 Qxd4 23. Rxd4 Rab8 24. Rb1 Na3 25. Rc1 Nc4 26. Rb1 a5 27. bxa5 Rxb1
28. Nxb1 Ra8 29. Nd2 Nxd2 30. Rxd2 Kf8 31. fxe6 fxe6 32. c4 dxe4 33. Re2 Rxa5
34. Rxe4 Ke7 35. Re2 Ra4 36. Rc2 Kd6 37. Kg3 Kc5 38. Re2 Kd6 39. Rc2 Kc5 40. Re2
Kd6 41. Rc2 Kc5 42. Re2 1/2-1/2

[Event "World Blitz 2025"]
[Site "Doha QAT"]
[Date "2025.12.30"]
[Round "14.76"]
[White "Murshed, Niaz"]
[Black "Haug, Havard"]
[Result "1/2-1/2"]
[WhiteTitle "GM"]
[BlackTitle "FM"]
[WhiteElo "2341"]
[BlackElo "2416"]
[WhiteFideId "10200010"]
[BlackFideId "1547887"]
[EventDate "2025.12.29"]

1. d4 Nf6 2. c4 c5 3. d5 a6 4. Nc3 b5 5. cxb5 axb5 6. Nxb5 Qa5+ 7. Nc3 Ne4 8.
Bd2 Nxd2 9. Qxd2 d6 10. e4 g6 11. Nf3 Bg7 12. Be2 O-O 13. O-O Ba6 14. Rfe1 Bxe2
15. Rxe2 Nd7 16. g3 Rfb8 17. Rae1 Nb6 18. Qd3 Nd7 19. Rc1 Rb7 20. b3 Qa6 21.
Qxa6 Rxa6 22. Kg2 Rba7 23. a4 Bxc3 24. Rxc3 Rb7 25. Nd2 f6 26. f4 Rb4 27. Nc4
Nb6 28. Nxb6 Raxb6 29. Ree3 Kf7 30. Kf3 f5 31. e5 Rd4 32. exd6 exd6 33. Rcd3
Rbb4 34. h3 h6 35. h4 Re4 36. Ke2 Kf6 37. Kd2 g5 38. hxg5+ hxg5 39. fxg5+ Kxg5
40. Kc3 Rb8 41. Rf3 Kf6 42. Rf1 Rh8 43. a5 Ra8 44. Ra1 Rb4 45. Re3 Kf7 46. a6
Rb6 47. a7 Rb7 48. Re6 Rbxa7 49. Rxa7+ Rxa7 50. Rxd6 Ra1 51. Rc6 Rg1 52. Rxc5
Rxg3+ 53. Kc4 f4 54. Rc7+ Kf6 55. Rc8 Kf7 56. Rc7+ Kf6 57. Rc8 Kf7 58. Rc7+ Kf6
59. Rc8 Ke5 1/2-1/2

[Event "World Blitz 2025"]
[Site "Doha QAT"]
[Date "2025.12.30"]
[Round "14.97"]
[White "Urkedal, Frode Olav Olsen"]
[Black "Vakhidov, Jakhongir"]
[Result "0-1"]
[WhiteTitle "GM"]
[BlackTitle "GM"]
[WhiteElo "2568"]
[BlackElo "2516"]
[WhiteFideId "1506102"]
[BlackFideId "14201801"]
[EventDate "2025.12.29"]

1. d4 Nf6 2. c4 c5 3. d5 e5 4. Nc3 d6 5. e4 Nbd7 6. h4 a6 7. g3 Be7 8. a4 Nf8 9.
a5 Rb8 10. Be2 Bd7 11. Be3 h5 12. f3 N6h7 13. Nh3 b5 14. axb6 Qxb6 15. Ra2 f5
16. exf5 Bxf5 17. Nf2 Nf6 18. Rh2 N8d7 19. Bd3 Bxd3 20. Qxd3 O-O 21. Nfe4 Nxe4
22. Qxe4 Nf6 23. Qg6 Rf7 24. Rf2 Qb3 25. Qd3 Nd7 26. Ra3 Qb6 27. Ne4 Rbf8 28.
Bg5 Qb4+ 29. Kf1 Bxg5 30. Nxg5 Rf5 31. Kg1 Nb6 32. g4 hxg4 33. fxg4 Qe1+ 0-1

[Event "World Blitz 2025"]
[Site "Doha QAT"]
[Date "2025.12.30"]
[Round "14.98"]
[White "Zhang, Zhong"]
[Black "Rakotomaharo, Fy Antenaina"]
[Result "1-0"]
[WhiteTitle "GM"]
[BlackTitle "IM"]
[WhiteElo "2561"]
[BlackElo "2434"]
[WhiteFideId "8600694"]
[BlackFideId "13100050"]
[EventDate "2025.12.29"]

1. e4 e5 2. Nf3 Nc6 3. d4 exd4 4. Bc4 Bb4+ 5. c3 dxc3 6. O-O Nf6 7. e5 d5 8. Bb5
Ne4 9. Qa4 Be7 10. Bxc6+ bxc6 11. Qxc6+ Bd7 12. Qxd5 cxb2 13. Bxb2 Nc5 14. Rd1
O-O 15. Nc3 c6 16. Qc4 Qc7 17. Ba3 Be6 18. Qf4 Rad8 19. Nd4 Bc8 20. Qg3 Ne6 21.
Bxe7 Qxe7 22. Nf5 Qa3 23. Nd6 Ba6 24. Rab1 Qc5 25. Nce4 Qa5 26. h4 Kh8 27. h5 h6
28. Rb3 Qxa2 29. Ra3 Qc2 30. Rda1 Bb5 31. Rxa7 Kh7 32. Nf6+ gxf6 33. Nxf7 Rd1+
34. Kh2 Rxa1 35. Ng5+ Kh8 36. Rh7+ Kg8 37. Nxe6+ 1-0

[Event "World Blitz 2025"]
[Site "Doha QAT"]
[Date "2025.12.30"]
[Round "14.99"]
[White "Harikrishnan, A. Ra"]
[Black "Akobian, Varuzhan"]
[Result "0-1"]
[WhiteTitle "GM"]
[BlackTitle "GM"]
[WhiteElo "2531"]
[BlackElo "2549"]
[WhiteFideId "5081483"]
[BlackFideId "13300580"]
[EventDate "2025.12.29"]

1. d4 e6 2. Nf3 Nf6 3. Bf4 b6 4. e3 Bb7 5. h3 Be7 6. Be2 c5 7. c3 O-O 8. O-O h6
9. Bh2 d6 10. a4 a6 11. Nbd2 cxd4 12. exd4 Nbd7 13. Re1 Re8 14. Bd3 Bf8 15. Qe2
Qc7 16. Nc4 Nd5 17. Ne3 Rec8 18. Nxd5 Bxd5 19. Bxa6 Rxa6 20. Qxa6 Bc4 21. Qxc8
Qxc8 22. Nd2 Bd3 23. Re3 Ba6 24. Ne4 d5 25. Nd2 Be7 26. a5 bxa5 27. Rxa5 Bg5 28.
f4 Bd8 29. Ra1 Bc7 30. Bg3 Nf6 31. Rf3 Ne4 32. Be1 f5 33. b4 Be2 34. Re3 Bb5 35.
g3 Bd6 36. Nb3 Qc4 37. Nc5 Qf1+ 38. Kh2 Nf2 39. Bxf2 Qxf2+ 0-1

[Event "World Blitz 2025"]
[Site "Doha QAT"]
[Date "2025.12.30"]
[Round "14.100"]
[White "Shogdzhiev, Roman"]
[Black "Nguyen, Ngoc Truong Son"]
[Result "0-1"]
[WhiteTitle "IM"]
[BlackTitle "GM"]
[WhiteElo "2403"]
[BlackElo "2600"]
[WhiteFideId "55653537"]
[BlackFideId "12401110"]
[EventDate "2025.12.29"]

1. Nf3 Nf6 2. b3 c5 3. Bb2 Nc6 4. g3 b6 5. Bg2 Bb7 6. O-O e6 7. d3 d5 8. Nbd2
Be7 9. e4 d4 10. a4 O-O 11. Ne1 a6 12. f4 b5 13. h3 Qd7 14. Nef3 Qc7 15. Rf2
Rfd8 16. g4 Qxf4 17. Nxd4 Qc7 18. Nxc6 Bxc6 19. g5 Nd7 20. Qh5 g6 21. Qh4 h5 22.
Raf1 Rf8 23. Bf6 Bd6 24. Rf3 Nxf6 25. gxf6 Rfd8 26. Qg5 Kh7 27. h4 Bf8 28. Qe3
Bh6 29. Qe2 Qe5 30. R1f2 c4 31. bxc4 bxa4 32. Qd1 Rab8 33. Rf1 a5 34. Rh3 a3 35.
Nf3 Qc5+ 36. Kh1 a2 37. Qa1 Qa3 38. Ne5 Be8 39. Rg3 Qb2 40. Rgf3 Rb7 41. Kh2
Rdb8 42. Qxb2 Rxb2 43. Ra1 Rxc2 44. Kg3 Rbb2 45. Bh3 Rb1 46. Rf1 Bc1 47. Rxa2
Rxa2 48. Bxe6 Bb2 49. Rxb1 Bxe5+ 50. Kf3 fxe6 51. Rb8 Bxf6 52. Rxe8 e5 53. Re6
Kg7 54. Ra6 Bxh4 55. c5 Rf2+ 56. Ke3 Rc2 57. d4 exd4+ 58. Kxd4 Bf2+ 59. Kd5
Rxc5+ 60. Kd6 h4 61. e5 Rc1 62. e6 h3 63. e7 Bc5+ 0-1

[Event "World Blitz 2025"]
[Site "Doha QAT"]
[Date "2025.12.30"]
[Round "14.101"]
[White "Harshavardhan, G B"]
[Black "Dlugy, Maxim"]
[Result "0-1"]
[WhiteTitle "IM"]
[BlackTitle "GM"]
[WhiteElo "2477"]
[BlackElo "2502"]
[WhiteFideId "25059009"]
[BlackFideId "2000075"]
[EventDate "2025.12.29"]

1. e4 c5 2. Nf3 d6 3. d4 cxd4 4. Nxd4 Nf6 5. Nc3 Nc6 6. Nd5 e6 7. Nxf6+ Qxf6 8.
c3 Qd8 9. Bd3 Be7 10. O-O O-O 11. Be3 Bd7 12. f4 a6 13. Kh1 b5 14. Qf3 Rc8 15.
a3 Na5 16. Rad1 Nc4 17. Bc1 Bf6 18. Bb1 Qc7 19. Ne2 Bc6 20. Qg4 Qb6 21. Ng3 g6
22. Rde1 Bg7 23. f5 exf5 24. exf5 Ne5 25. Qh4 Qb7 26. Rf2 Rce8 27. Ref1 Rd8 28.
f6 Bh8 29. Nf5 gxf5 30. Bxf5 Ng6 31. Bxg6 hxg6 32. Kg1 Rfe8 33. Bf4 Re6 34. Bg3
Rde8 35. Rf5 Re2 36. Bf2 R8e5 37. Rxe5 Rxe5 38. Bd4 Re2 39. Rf2 Re1+ 40. Rf1
Rxf1+ 0-1

[Event "World Blitz 2025"]
[Site "Doha QAT"]
[Date "2025.12.30"]
[Round "14.102"]
[White "Yilmaz, Mustafa"]
[Black "Averin, Nikolay"]
[Result "1-0"]
[WhiteTitle "GM"]
[BlackTitle "FM"]
[WhiteElo "2595"]
[BlackElo "2389"]
[WhiteFideId "6302718"]
[BlackFideId "24250473"]
[EventDate "2025.12.29"]

1. d4 Nf6 2. c4 e6 3. Nc3 d5 4. cxd5 exd5 5. Bg5 c6 6. e3 Bd6 7. Bd3 Nbd7 8. Qc2
Nf8 9. O-O-O Ng6 10. Kb1 h6 11. Bxf6 Qxf6 12. f4 O-O 13. Nf3 Bg4 14. Rde1 Bxf3
15. gxf3 Rfe8 16. Rhf1 Re7 17. Qf2 Nh4 18. Ne2 Rae8 19. Ng3 g6 20. Rg1 Kh8 21.
a3 c5 22. f5 cxd4 23. e4 Bf4 24. fxg6 fxg6 25. Rgf1 Be3 26. Qc2 Nxf3 27. Rd1 g5
28. exd5 g4 29. Nf5 Re5 30. d6 Rd8 31. Ne7 Rxd6 32. Qc8+ Kg7 33. Qg8# 1-0